| 000 | 00501pab a2200169 454500 | ||
|---|---|---|---|
| 008 | 180718b2012 xxu||||| |||| 00| 0 eng d | ||
| 100 | _aAdhyapok, Prodip Kumar | ||
| 245 | _aDisparity of infrastructure in Assam: An inter-district study | ||
| 260 | _c2012 | ||
| 300 | _ap.118-129. | ||
| 650 | _aInfrastructure development - India - Assam | ||
| 650 | _aInfrastructure development | ||
| 700 | _aAhmed, Abdur Rashid | ||
| 773 | _aIndian Journal of Regional Science | ||
| 908 | _aN | ||
| 909 | _a98603 | ||
| 999 |
_c98602 _d98602 |
||